=LDR 00000nam 2200000 4500 =001 INLIS000000000023172 =005 20130612121844 =008 ***********************************Ind** =035 ##$$0010-061300000023172 =041 ##$$a Ind =082 ##$$a 591.072 4 =090 ##$$a 591.072 4, van-h =100 ##$$a Vancleave, Janice =245 ##$$a Hewan, Berbagai percobaan menakjubkan yang dapat djadikan proyek pameran sains, Janice Vancleave =260 ##$$a 1996 $b Jakarta =300 ##$$a 112 hlm., ilus., 20 cm =650 ##$$a Hewan =850 ##$$a NBPNMAT